The haunter of the dark: and other tales of terror
Kaydedildi:
| Yazar: | |
|---|---|
| Materyal Türü: | Kitap |
| Dil: | İngilizce |
| Baskı/Yayın Bilgisi: |
Londres
Panther
1963
|
| Seri Bilgileri: | Panther Books
|
| Konular: | |
| Etiketler: |
Etiketle
Etiket eklenmemiş, İlk siz ekleyin!
|
MARC
| LEADER | 00000nam a2200000 a 4500 | ||
|---|---|---|---|
| 001 | UCN8201 | ||
| 003 | CL-VaPUC | ||
| 008 | 011109e19630000UK |||||||||||||||||eng|d | ||
| 082 | 0 | 4 | |a 813 |b LOV |2 21 |
| 100 | |a Lovecraft, Howard Phillips |e autor |9 451640 | ||
| 245 | 1 | 4 | |a The haunter of the dark: and other tales of terror |
| 300 | |a 255 p | ||
| 942 | |c BK | ||
| 945 | |d 20011109 00:00:00 |a cmena | ||
| 260 | |a Londres |b Panther |c 1963 | ||
| 650 | 0 | |a Cuentos estadounidenses |9 265133 | |
| 650 | 0 | |a Cuentos de terror |9 450869 | |
| 583 | |a last modification |c 20011109 00:00:00 |k Rodrigo Vera | ||
| 490 | 0 | |a Panther Books | |
| 999 | |c 298229 |d 298227 | ||
| 952 | |0 0 |1 0 |4 0 |6 813_000000000000000_LOV_1963 |7 0 |8 A |9 353703 |a BIBEDU |b BIBEDU |d 2019-11-21 |i 3768589 |l 1 |o 813 LOV 1963 |p 3768589 |r 2022-05-05 |s 2022-04-28 |w 2019-11-21 |y BK |k LIT | ||